000
00307 a2200145 4500
001
62716
020
_a
040
_c
Anchieta - Pituba
240
1
0
_a
Olímpiada Baiana de Química
_l
por
245
1
0
_a
Olímpiada Baiana de Química
300
_a
131
362
0
_a
2014
650
4
_a
Química
942
_c
BK
999
_c
62716
_d
62716